书目信息 |
| 题名: |
阿尔法零对最优模型预测自适应控制的启示
|
|
| 作者: | 博塞克斯 著 ;贾庆山 , 李岩 译 | |
| 分册: | ||
| 出版信息: | 北京 清华大学出版社 2024 |
|
| 页数: | 10,161页 | |
| 开本: | 26cm | |
| 丛书名: | 信息技术和电气工程学科国际知名教材中译本系列 | |
| 单 册: | ||
| 中图分类: | TP18 | |
| 科图分类: | ||
| 主题词: | 人工智能--自适应控制 | |
| 电子资源: | ||
| ISBN: | 978-7-302-66036-1 | |
| 000 | 01329nam0 2200301 450 | |
| 001 | 013017831 | |
| 005 | 20240805161956.0 | |
| 010 | @a978-7-302-66036-1@dCNY69.00 | |
| 100 | @a20240711d2024 em y0chiy0120 ea | |
| 101 | 1 | @achi@ceng |
| 102 | @aCN@b110000 | |
| 105 | @ay z 000yy | |
| 106 | @ar | |
| 200 | 1 | @a阿尔法零对最优模型预测自适应控制的启示@9a er fa ling dui zui you mo xing yu ce zi shi ying kong zhi de qi shi@dLessons from Alphazero for optimal, model predictive, and adaptive control@f(美)德梅萃·P. 博塞克斯(Dimitri P. Bertsekas)著@g贾庆山,李岩译@zeng |
| 210 | @a北京@c清华大学出版社@d2024 | |
| 215 | @a10,161页@d26cm | |
| 225 | @a信息技术和电气工程学科国际知名教材中译本系列 | |
| 300 | @a信息技术和电气工程学科国际知名教材中译本系列 | |
| 330 | @a本书共6章,包括阿尔法零、离线训练和在线学习;确定性和随机的动态规划;强化学习的抽象视角;线性二次型情形——例证;自适应和模型预测控制;有限时段确定性问题——离散优化等内容。 | |
| 510 | 1 | @aLessons from Alphazero for optimal, model predictive, and adaptive control@zeng |
| 586 | @a | |
| 606 | 0 | @a人工智能@x自适应控制 |
| 690 | @aTP18@v5 | |
| 701 | 0 | @c(美)@a博塞克斯@9bo sai ke si@c(Bertsekas, Dimitri P.)@4著 |
| 702 | 0 | @a贾庆山@9jia qing shan@4译 |
| 702 | 0 | @a李岩@9li yan@4译 |
| 801 | 0 | @aCN@c20240808 |
| 905 | @dTP18@eB958@f1@sTP18/B958@S@Z | |
| 阿尔法零对最优模型预测自适应控制的启示=Lessons from Alphazero for optimal, model predictive, and adaptive control/(美)德梅萃·P. 博塞克斯(Dimitri P. Bertsekas)著/贾庆山,李岩译.-北京:清华大学出版社,2024 |
| 10,161页;26cm.-(信息技术和电气工程学科国际知名教材中译本系列) |
| 信息技术和电气工程学科国际知名教材中译本系列 |
| ISBN 978-7-302-66036-1:CNY69.00 |
| 本书共6章,包括阿尔法零、离线训练和在线学习;确定性和随机的动态规划;强化学习的抽象视角;线性二次型情形——例证;自适应和模型预测控制;有限时段确定性问题——离散优化等内容。 |
| ● |
| 相关链接 |
|
|
|
正题名:阿尔法零对最优模型预测自适应控制的启示
索取号:TP18/B958
 
预约/预借
| 序号 | 登录号 | 条形码 | 馆藏地/架位号 | 状态 | 备注 |
| 1 | 21618131 | 216181316 | 自科库301/301自科库 101排7列2层/ [索取号:TP18/B958] | 在馆 |